Top 100 Best Players 2025 by beSoccer's Ranking - Statistiques

Statistiques générales
  • Ce quiz a été pris 92 fois
  • Le résultat moyen est 49 sur 100
Statistiques - réponses
Top Pays Poste Club Note Joueur % Correct
2 Égypte AD Liverpool 99 Mohamed Salah
100%
3 Suède BU Newcastle United 97 Alexander Isak
93%
1 Portugal MOC Manchester United 99 Bruno Fernandes
93%
6 France DC Arsenal 96 William Saliba
86%
7 Canada BU Lille OSC 96 Jonathan David
80%
5 Belgique BU Napoli 97 Romelu Lukaku
79%
12 Argentine GK Aston Villa 95 Emiliano Martínez
75%
21 Argentine BU Inter Milan 94 Lautaro Martínez
75%
9 Angleterre MC Arsenal 96 Declan Rice
74%
37 France BU Real Madrid 93 Kylian Mbappé
73%
13 France GK AC Milan 95 Mike Maignan
73%
98 France AD Paris Saint-Germain 90 Ousmane Dembélé
73%
17 Angleterre AD Arsenal 94 Bukayo Saka
69%
46 Brésil AG Real Madrid 92 Vinícius Júnior
69%
100 Maroc DD Paris Saint-Germain 90 Achraf Hakimi
66%
56 Espagne AD Barcelona 91 Lamine Yamal
66%
29 France BU Atlético Madrid 94 Antoine Griezmann
65%
47 Norvège BU Manchester City 92 Erling Haaland
65%
44 Angleterre MOC Real Madrid 92 Jude Bellingham
65%
16 Pays-Bas DC Liverpool 95 Virgil Van Dijk
65%
11 Brésil MDC Newcastle United 95 Bruno Guimarães
64%
25 Norvège MOC Arsenal 94 Martin Ødegaard
64%
22 Brésil AG Barcelona 94 Raphinha
63%
80 Cameroun GK Manchester United 91 André Onana
61%
43 Pologne BU Barcelona 93 Robert Lewandowski
61%
62 Angleterre MOC Chelsea 91 Cole Palmer
60%
60 Allemagne MOC Bayer Leverkusen 91 Florian Wirtz
60%
41 Angleterre BU Bayern München 93 Harry Kane
60%
67 Portugal AG AC Milan 91 Rafael Leão
60%
65 Argentine MC Liverpool 91 Alexis Mac Allister
59%
42 Slovénie GK Atlético Madrid 93 Jan Oblak
59%
72 France DD Barcelona 91 Jules Koundé
59%
19 Allemagne BU Arsenal 94 Kai Havertz
59%
74 France BU Inter Milan 91 Marcus Thuram
59%
23 France DG AC Milan 94 Theo Hernández
59%
73 Nigeria BU Galatasaray 91 Victor Osimhen
59%
48 États-Unis AD AC Milan 92 Christian Pulisic
58%
38 Espagne GK Arsenal 93 David Raya
58%
88 Argentine MC Chelsea 90 Enzo Fernández
58%
55 Suisse MDC Bayer Leverkusen 92 Granit Xhaka
58%
84 Corée du Sud AG Tottenham Hotspur 91 Heung-Min Son
58%
77 Italie MC Inter Milan 91 Nicolò Barella
58%
53 Suisse GK Inter Milan 92 Yann Sommer
58%
64 Portugal DD Manchester United 91 Diogo Dalot
56%
93 Italie MC Newcastle United 90 Sandro Tonali
56%
24 Écosse MC Napoli 94 Scott Mctominay
56%
10 Pays-Bas MC AC Milan 95 Tijjani Reijnders
56%
50 France MC Olympique de Marseille 92 Adrien Rabiot
55%
4 Italie DD Napoli 97 Giovanni Di Lorenzo
55%
82 Ghana AD Athletic Bilbao 91 Iñaki Williams
55%
28 Allemagne DC Bayer Leverkusen 94 Jonathan Tah
55%
81 Allemagne MDC Bayern München 91 Joshua Kimmich
55%
89 Argentine BU Atlético Madrid 90 Julián Alvarez
55%
86 Espagne AG Athletic Bilbao 90 Nico Williams
55%
79 Guinée BU Borussia Dortmund 91 Serhou Guirassy
54%
69 Italie DC Inter Milan 91 Alessandro Bastoni
53%
71 Serbie BU Juventus 91 Dušan Vlahović
53%
26 Angleterre GK Everton 94 Jordan Pickford
51%
58 Pays-Bas MOC RB Leipzig 91 Xavi Simons
51%
40 Belgique MC Aston Villa 93 Youri Tielemans
51%
51 Turquie MDC Inter Milan 92 Hakan Çalhanoğlu
50%
70 Belgique BU RB Leipzig 91 Loïs Openda
49%
15 Suisse DC Newcastle United 95 Fabian Schär
48%
78 Angleterre BU Aston Villa 91 Ollie Watkins
46%
30 Slovénie BU RB Leipzig 93 Benjamin Šeško
45%
97 Cameroun AD Brentford 90 Bryan Mbeumo
44%
94 Japon AG Brighton & Hove Albion 90 Kaoru Mitoma
44%
59 Équateur DC Bayer Leverkusen 91 Piero Hincapié
38%
34 Ukraine BU AS Roma 93 Artem Dovbyk
36%
54 Hongrie DC RB Leipzig 92 Willi Orban
36%
32 Angleterre DC Crystal Palace 93 Marc Guehi
35%
33 Angleterre AD West Ham United 93 Jarrod Bowen
33%
18 Brésil DC Arsenal 94 Gabriel Magalhães
31%
75 Serbie GK Torino FC 91 Vanja Milinković-Savić
31%
85 Croatie BU Osasuna 91 Ante Budimir
29%
35 États-Unis DG Fulham 93 Antonee Robinson
29%
14 Belgique MOC Club Brugge 95 Hans Vanaken
29%
99 Pays-Bas MOC Juventus 90 Teun Koopmeiners
29%
8 Colombie DD Crystal Palace 96 Daniel Muñoz
28%
66 Côte d'Ivoire DC AS Roma 91 Evan Ndicka
28%
57 Hongrie DG AFC Bournemouth 91 Miloš Kerkez
26%
92 Angleterre MOC Aston Villa 90 Morgan Rogers
26%
95 Angleterre DC Aston Villa 90 Ezri Konsa
25%
36 Italie DC AS Roma 93 Gianluca Mancini
25%
49 Kosovo DC Napoli 92 Amir Rrahmani
24%
20 Serbie DC Nottingham Forest 94 Nikola Milenković
24%
83 Portugal MOC Beşiktaş 91 Rafa Silva
24%
68 Ukraine DG Everton 91 Vitali Mykolenko
23%
31 Ukraine DC AFC Bournemouth 93 Illia Zabarnyi
20%
45 Belgique DG Club Brugge 92 Maxim De Cuyper
20%
91 Ghana AD AFC Bournemouth 90 Antoine Semenyo
19%
27 Suisse MC Bologna 94 Remo Freuler
19%
61 Grèce AG Club Brugge 91 Christos Tzolis
18%
90 Suisse AD Bologna 90 Dan Ndoye
18%
87 Italie DC Juventus 90 Federico Gatti
18%
39 Belgique DC Club Brugge 93 Brandon Mechele
13%
63 Pays-Bas DC Bologna 91 Sam Beukema
8%
76 Argentine GK Flamengo 91 Agustín Rossi
4%
52 Brésil GK Palmeiras 92 Weverton
4%
96 Brésil BU Corinthians 90 Yuri Alberto
3%
Aucun quiz correspondant
Distribution des résultats
% des personnes avec chaque résultat
Percentile par nombre de réponses
Votre historique - résultats
Vous n’avez pas pris ce quiz